| 000 | 01071nam a2200337 a 4500 | ||
|---|---|---|---|
| 001 | 37134 | ||
| 003 | BD-RjUL | ||
| 005 | 20211209052600.0 | ||
| 008 | 141019s1989 nyu d 000 0 eng d | ||
| 020 | _a0582463629 (pbk) : | ||
| 035 | _a(OCoLC)501416593 | ||
| 035 | _a(OCoLC)ocn501416593 | ||
| 035 | _a(CStRLIN)NYCM89-B4816 | ||
| 035 | _a(BD-RjUL)37236 | ||
| 035 | _a(NNC)3947044 | ||
| 040 |
_aUk _cUk _dDLC _dCStRLIN _dNNC-M _beng |
||
| 041 | _aeng | ||
| 082 | 0 | 4 |
_a574.0321 _219 _bHEB 1989 |
| 100 | 1 |
_aHenderson, I. F. _q(Isabella Ferguson) _9113558 |
|
| 245 | 1 | 0 |
_aHenderson's dictionary of biological terms / _c I. F. Henderson, |
| 250 | _a10th ed. | ||
| 260 |
_aNew York : _bJohn Wiley & Sons ; _aBurnt Mill, Essex : _bLongman Scientific & Technical, _cc1989. |
||
| 300 |
_a637 p. ; _c23 cm. |
||
| 500 | _a"A Wiley-Interscience publication." | ||
| 650 | 2 |
_aBiology _vDictionary. _9113559 |
|
| 700 | 1 |
_aHenderson, W. D. _q(William Dawson) _9113560 |
|
| 700 | 1 |
_aLawrence, Eleanor. _9113561 |
|
| 942 |
_2ddc _cBK |
||
| 999 |
_c37134 _d37134 |
||